Fruiko Slovakia pitie, ktoré chutí
História a súčasné podnikateľské aktivity spoločnosti Fruiko Slovakia. Sortiment, obchodná politika, podiely na trhu, marketingová stratégia a perspektívy Fruika Slovakia.
Salvato in:
| Autore principale: | |
|---|---|
| Natura: | Libro |
| Lingua: | slovacco |
| Soggetti: | |
| Tags: |
Nessun Tag, puoi essere il primo ad aggiungerne!!
|
MARC
| LEADER | 00000nam a2200000 4500 | ||
|---|---|---|---|
| 001 | r031635 | ||
| 005 | 20230929112218.7 | ||
| 041 | 0 | |a slo | |
| 044 | |a SK | ||
| 245 | 1 | 0 | |a Fruiko Slovakia |b pitie, ktoré chutí |c Andrea Hinková |
| 520 | |a História a súčasné podnikateľské aktivity spoločnosti Fruiko Slovakia. Sortiment, obchodná politika, podiely na trhu, marketingová stratégia a perspektívy Fruika Slovakia. | ||
| 610 | 2 | 0 | |a nápoje nealkoholické |
| 610 | 2 | 0 | |a potraviny |
| 610 | 2 | 0 | |a firmy |
| 610 | 2 | 0 | |a stratégia marketingová |
| 610 | 2 | 0 | |a politika obchodná |
| 610 | 2 | 0 | |a sortiment tovaru |
| 610 | 2 | 0 | |a trh potravinový |
| 610 | 2 | 0 | |a licencie |
| 610 | 2 | 0 | |a Slovensko |
| 610 | 2 | 0 | |a Fruiko Slovakia, s.r.o. Holíč |
| 100 | 1 | |a Hinková-Dibarborová, Andrea | |